[Event "Bargteheide op"]
[Site "Bargteheide"]
[Date "2015.05.16"]
[Round "5"]
[White "Boe Olsen, Filip"]
[Black "Nedic, Dusan"]
[Result "0-1"]
[WhiteElo "2192"]
[BlackElo "2314"]
[PlyCount "70"]
[EventDate "2015.05.14"]
[EventType "swiss"]
[EventRounds "7"]
[EventCountry "GER"]
[SourceTitle "CBM 166 Extra"]
[Source "ChessBase"]
[SourceDate "2015.06.18"]
[SourceVersion "1"]
[SourceVersionDate "2015.06.18"]
[SourceQuality "1"]

1. d4 g6 2. Nf3 Bg7 3. c4 e6 4. Nc3 Ne7 5. g3 0-0 6. Bg2 d5 7. 0-0 dxc4 8. e3 Nbc6 9. Nd2 Rb8 10. Nxc4 b5 11. Nd2 b4 12. Ne2 e5 13. Nb3 Be6 14. dxe5 Nxe5 15. Qxd8 Rfxd8 16. Nbd4 Bc4 17. Re1 c5 18. Nb3 Nd3 19. Rf1 Nxb2 20. Bxb2 Bxb2 21. Rab1 Bc3 22. Bf3 Bd3 23. Nxc5 Bxb1 24. Rxb1 a5 25. Kg2 Bg7 26. Nc1 Nd5 27. N1b3 Nc3 28. Re1 a4 29. Nc1 Rd2 30. Ne4 Nxe4 31. Bxe4 Kf8 32. Bb1 Rbd8 33. Kf1 Bc3 34. Ne2 Rb2 35. Rc1 Rdd2 0-1

[Event "Harburg-chI 9th"]
[Site "Hamburg"]
[Date "2011.08.20"]
[Round "2"]
[White "Boe Olsen, Filip"]
[Black "Eppler, Alexander"]
[Result "1-0"]
[WhiteElo "1200"]
[BlackElo "1308"]
[PlyCount "46"]
[EventDate "2011.08.19"]
[EventType "tourn"]
[EventRounds "5"]
[EventCountry "GER"]
[SourceTitle "EXT 2012"]
[Source "ChessBase"]
[SourceDate "2011.11.24"]
[SourceVersion "1"]
[SourceVersionDate "2011.11.24"]
[SourceQuality "1"]

1. d4 c6 2. Nf3 d5 3. Bf4 Bf5 4. e3 e6 5. Be2 Nf6 6. 0-0 Nbd7 7. c4 Be7 8. Nc3 0-0 9. Qb3 Qb6 10. c5 Qxb3 11. axb3 a6 12. Ra2 Ra7 13. Rfa1 Rfa8 14. b4 Bd8 15. b5 cxb5 16. Nxb5 Nf8 17. Nxa7 Rxa7 18. b4 Ne8 19. b5 Ng6 20. Bg3 Ra8 21. bxa6 bxa6 22. Rxa6 Rxa6 23. Rxa6 Be4 1-0